000 00269nam a22001217a 4500
008 180910b xxu||||| |||| 00| 0 eng d
041 _aeng
080 _a510
100 _a36
101 _aMAT
245 _aTables of Random Permutations
_cMoses, L.E
942 _2udc
_cBK
999 _c47642
_d47642